[Event "Titled Tuesday intern op 16th Apr Early"]
[Site "Chess.com INT"]
[Date "2024.04.16"]
[Round "7"]
[White "Acikel, Mert"]
[Black "Kushch, Nikolai"]
[Result "0-1"]
[WhiteElo "2244"]
[BlackElo "2334"]
[PlyCount "101"]
[EventDate "2024.04.16"]
[EventType "swiss (blitz)"]
[EventRounds "11"]
[EventCountry "USA"]
[SourceTitle "CB17_2024"]
[SourceDate "2024.04.24"]
[SourceVersion "1"]
[SourceVersionDate "2024.04.24"]
[SourceQuality "1"]

1. e4 c5 2. Nf3 e6 3. d4 cxd4 4. Nxd4 a6 5. c4 Nf6 6. Nc3 Qc7 7. a3 b6 8. f4 d6 9. Bd3 Bb7 10. f5 e5 11. Nb3 Nbd7 12. 0-0 Nc5 13. Nxc5 dxc5 14. Qf3 Be7 15. Be3 0-0 16. Rad1 Rad8 17. h4 h5 18. Bg5 Ng4 19. f6 Bxf6 20. Nd5 Bxd5 21. exd5 Bxg5 22. hxg5 g6 23. Qg3 Qe7 24. Rde1 Qxg5 25. Be2 Rfe8 26. Bxg4 hxg4 27. a4 Kg7 28. a5 bxa5 29. Qc3 f6 30. Ra1 Rh8 31. Rxa5 g3 32. Rf3 Qh4 33. Rxg3 Qh1+ 34. Kf2 Rh5 35. Rxa6 Rf5+ 36. Rf3 Qh4+ 37. Kg1 Rxf3 38. Qxf3 Qd4+ 39. Qf2 e4 40. Ra7+ Kg8 41. Qxd4 cxd4 42. b4 e3 43. Kf1 d3 44. Re7 e2+ 45. Ke1 Ra8 46. d6 Kf8 47. c5 Ra1+ 48. Kd2 Rd1+ 49. Kc3 e1Q+ 50. Rxe1 Rxe1 51. Kxd3 0-1

[Event "Titled Tuesday intern op 16th Apr Early"]
[Site "Chess.com INT"]
[Date "2024.04.16"]
[Round "10"]
[White "Acikel, Mert"]
[Black "Redor, Menandro"]
[Result "0-1"]
[WhiteElo "2244"]
[BlackElo "2032"]
[PlyCount "60"]
[EventDate "2024.04.16"]
[EventType "swiss (blitz)"]
[EventRounds "11"]
[EventCountry "USA"]
[SourceTitle "CB17_2024"]
[SourceDate "2024.04.24"]
[SourceVersion "1"]
[SourceVersionDate "2024.04.24"]
[SourceQuality "1"]

1. e4 d5 2. exd5 Nf6 3. d4 Nxd5 4. Nf3 Bf5 5. Ng1 e6 6. c3 Nc6 7. Bd3 Bg6 8. Nf3 Bd6 9. 0-0 Bh5 10. Re1 Qf6 11. c4 Nf4 12. Bxf4 Qxf4 13. d5 Nd4 14. Be4 f5 15. Qxd4 Bxf3 16. gxf3 fxe4 17. Rxe4 Qxh2+ 18. Kf1 e5 19. Qe3 0-0 20. c5 Be7 21. Rg4 Rf5 22. Nc3 Raf8 23. Ke2 Rxf3 24. Qxf3 Rxf3 25. Kxf3 Bxc5 26. Rag1 Qxf2+ 27. Ke4 Qe3+ 28. Kf5 g6+ 29. Ke6 Qf2 30. Ne4 Qf5# 0-1

[Event "Titled Tuesday intern op 16th Apr Early"]
[Site "Chess.com INT"]
[Date "2024.04.16"]
[Round "3"]
[White "Manon Og, Ramon Jr"]
[Black "Acikel, Mert"]
[Result "1-0"]
[WhiteElo "1970"]
[BlackElo "2244"]
[PlyCount "89"]
[EventDate "2024.04.16"]
[EventType "swiss (blitz)"]
[EventRounds "11"]
[EventCountry "USA"]
[SourceTitle "CB17_2024"]
[SourceDate "2024.04.24"]
[SourceVersion "1"]
[SourceVersionDate "2024.04.24"]
[SourceQuality "1"]

1. e4 e5 2. Nf3 Nc6 3. Bc4 Bc5 4. c3 Nf6 5. d4 exd4 6. e5 d5 7. Bb5 Ne4 8. cxd4 Bb6 9. Nc3 0-0 10. Be3 Bg4 11. Qc2 Nxc3 12. bxc3 f6 13. Bd3 h6 14. Nh4 fxe5 15. Bh7+ Kh8 16. Ng6+ Kxh7 17. Nxf8+ Kg8 18. h3 exd4 19. Qh7+ Kxf8 20. hxg4 dxe3 21. fxe3 Qg5 22. 0-0-0 Ke7 23. Kb2 Qxg4 24. g3 Na5 25. Ka1 c6 26. e4 Qxg3 27. Rc1 Nc4 28. exd5 cxd5 29. Rhe1+ Kd6 30. Qf5 Rd8 31. Qf7 Kc6 32. Re6+ Rd6 33. Qe8+ Kc5 34. Qc8+ Rc6 35. Qf8+ Nd6 36. Ree1 Ba5 37. Kb2 a6 38. Red1 Qg2+ 39. Rc2 Qe4 40. Rd4 Qe1 41. Qf7 Qh1 42. Qxg7 b5 43. Qh8 Nc4+ 44. Rxc4+ Kxc4 45. Qd4# 1-0

[Event "Titled Tuesday intern op 02nd Apr Early"]
[Site "Chess.com INT"]
[Date "2024.04.02"]
[Round "6"]
[White "Boor, Carl Brandon"]
[Black "Acikel, Mert"]
[Result "0-1"]
[WhiteElo "2231"]
[BlackElo "2244"]
[PlyCount "68"]
[EventDate "2024.04.02"]
[EventType "swiss (blitz)"]
[EventRounds "11"]
[EventCountry "USA"]
[SourceTitle "CB15_2024"]
[SourceDate "2024.04.10"]
[SourceVersion "1"]
[SourceVersionDate "2024.04.10"]
[SourceQuality "1"]

1. d4 d5 2. c4 e6 3. Nf3 Nf6 4. g3 Be7 5. Bg2 0-0 6. 0-0 dxc4 7. Ne5 Nd5 8. Nxc4 b5 9. Ne5 Bb7 10. a3 Nd7 11. Nxd7 Qxd7 12. Qd3 c5 13. dxc5 Bxc5 14. Nc3 Rfd8 15. Nxb5 Ba6 16. a4 Rab8 17. e4 Nb4 18. Qxd7 Rxd7 19. Bf4 Rbd8 20. Rac1 Nd3 21. Rc3 Nxf4 22. gxf4 Bxb5 23. axb5 Bb6 24. Bf3 Rd2 25. b3 g6 26. f5 R8d3 27. Rc8+ Kg7 28. fxe6 fxe6 29. Bg4 Rxb3 30. Bxe6 Rbb2 31. h4 Bxf2+ 32. Kh1 Bxh4 33. Rf7+ Kh6 34. Rh8 Rb1+ 0-1

[Event "Titled Tuesday intern op 13th Feb Early"]
[Site "Chess.com INT"]
[Date "2024.02.13"]
[Round "5"]
[White "Acikel, Mert"]
[Black "Bluebaum, Matthias"]
[Result "0-1"]
[WhiteElo "2241"]
[BlackElo "2658"]
[PlyCount "72"]
[EventDate "2024.02.13"]
[EventType "swiss (blitz)"]
[EventRounds "11"]
[EventCountry "USA"]
[SourceTitle "CB08_2024"]
[SourceDate "2024.02.21"]
[SourceVersion "1"]
[SourceVersionDate "2024.02.21"]
[SourceQuality "1"]

1. e4 e6 2. d4 d5 3. Nd2 c5 4. Ngf3 Nf6 5. exd5 Nxd5 6. Nb3 cxd4 7. Nbxd4 Bb4+ 8. Bd2 0-0 9. Bd3 h6 10. 0-0 Be7 11. Re1 Nd7 12. Nb3 Qc7 13. h3 b6 14. Qe2 N5f6 15. Bc3 Bb7 16. Rad1 Rad8 17. Ne5 Nxe5 18. Bxe5 Qc6 19. f3 Qc8 20. c3 Rd5 21. Bb1 Rfd8 22. Qc2 Rxd1 23. Rxd1 Rxd1+ 24. Qxd1 a5 25. Qc2 a4 26. Nd4 a3 27. b3 Qc5 28. f4 Be4 29. Qc1 Bxb1 30. Qxb1 Qxc3 31. Kh1 Qb2 32. Qd3 Bc5 33. Nc6 Qc1+ 34. Kh2 Bg1+ 35. Kg3 Qe1+ 36. Kf3 Qf2# 0-1

[Event "Titled Tuesday intern op 13th Feb Early"]
[Site "Chess.com INT"]
[Date "2024.02.13"]
[Round "1"]
[White "Acikel, Mert"]
[Black "Trost, Edvin"]
[Result "0-1"]
[WhiteElo "2241"]
[BlackElo "2434"]
[PlyCount "82"]
[EventDate "2024.02.13"]
[EventType "swiss (blitz)"]
[EventRounds "11"]
[EventCountry "USA"]
[SourceTitle "CB08_2024"]
[SourceDate "2024.02.21"]
[SourceVersion "1"]
[SourceVersionDate "2024.02.21"]
[SourceQuality "1"]

1. e4 g6 2. d4 Bg7 3. Nf3 d6 4. Be3 Nf6 5. Nc3 0-0 6. Qd2 Bg4 7. Be2 Nc6 8. h3 Bxf3 9. Bxf3 Nd7 10. Ne2 e5 11. c3 a5 12. a4 Re8 13. 0-0 exd4 14. Nxd4 Nf6 15. Qc2 Nd7 16. Nb5 Nde5 17. Be2 Nd7 18. Rfe1 Rc8 19. Qb3 Rxe4 20. Bf3 Re8 21. Bd5 Rf8 22. Na7 Nxa7 23. Bxa7 c6 24. Bf3 b6 25. Bg4 Ra8 26. Bxd7 Qxd7 27. Bxb6 Rab8 28. Rad1 Qb7 29. Rxd6 Qxb6 30. Qxb6 Rxb6 31. Re7 Rxb2 32. Rxc6 Ra2 33. Re4 Ra3 34. Rec4 Rd8 35. R6c5 Rd3 36. Rc8+ Bf8 37. R4c5 Rxa4 38. c4 Kg7 39. Rb5 Rc3 40. Rbb8 Bd6 41. Rb6 Rc1# 0-1

[Event "Titled Tuesday intern op 13th Feb Early"]
[Site "Chess.com INT"]
[Date "2024.02.13"]
[Round "4"]
[White "Osinenko, Anton"]
[Black "Acikel, Mert"]
[Result "0-1"]
[WhiteElo "2203"]
[BlackElo "2241"]
[PlyCount "94"]
[EventDate "2024.02.13"]
[EventType "swiss (blitz)"]
[EventRounds "11"]
[EventCountry "USA"]
[SourceTitle "CB08_2024"]
[SourceDate "2024.02.21"]
[SourceVersion "1"]
[SourceVersionDate "2024.02.21"]
[SourceQuality "1"]

1. e4 e5 2. Nf3 Nc6 3. c3 d5 4. Qa4 f6 5. d3 Nge7 6. b4 Bd7 7. Qc2 a6 8. Be2 dxe4 9. dxe4 Ng6 10. h4 Bd6 11. h5 Nf4 12. Bxf4 exf4 13. Nbd2 Qe7 14. Nc4 Be5 15. Rd1 0-0-0 16. a4 Be6 17. 0-0 g5 18. b5 axb5 19. axb5 Nb8 20. Nfxe5 fxe5 21. Nxe5 Qc5 22. Ng4 Bc4 23. Bxc4 Qxc4 24. e5 Qe6 25. f3 Nd7 26. Ra1 Nb6 27. Qa2 Rhe8 28. Nf6 Qxa2 29. Rxa2 Rxe5 30. Rfa1 Kb8 31. Nxh7 Rf5 32. Re2 Rh8 33. Rae1 Rxh7 34. Re5 Rxe5 35. Rxe5 Rxh5 36. Kf2 Nc4 37. Rf5 Nd6 38. Re5 Ka7 39. g4 fxg3+ 40. Kxg3 Kb6 41. Kg4 Rh1 42. Rxg5 Rg1+ 43. Kf4 Rxg5 44. Kxg5 Kxb5 45. f4 Kc4 46. f5 Nxf5 47. Kxf5 Kxc3 0-1

[Event "Titled Tuesday intern op 13th Feb Early"]
[Site "Chess.com INT"]
[Date "2024.02.13"]
[Round "7"]
[White "Silva, Miguel Antonio Neto"]
[Black "Acikel, Mert"]
[Result "0-1"]
[WhiteElo "2211"]
[BlackElo "2241"]
[PlyCount "28"]
[EventDate "2024.02.13"]
[EventType "swiss (blitz)"]
[EventRounds "11"]
[EventCountry "USA"]
[SourceTitle "CB08_2024"]
[SourceDate "2024.02.21"]
[SourceVersion "1"]
[SourceVersionDate "2024.02.21"]
[SourceQuality "1"]

1. d4 d5 2. c4 e6 3. Nf3 Nf6 4. g3 Be7 5. Bg2 0-0 6. 0-0 dxc4 7. Qc2 b5 8. a4 b4 9. Qxc4 Ba6 10. Qc2 Nbd7 11. Rd1 c5 12. dxc5 Bxc5 13. Ne5 Rc8 14. Nxd7 Bxf2+ 0-1

[Event "Titled Tuesday intern op 06th Feb Early"]
[Site "Chess.com INT"]
[Date "2024.02.06"]
[Round "3"]
[White "Acikel, Mert"]
[Black "Manukian, Artak"]
[Result "1/2-1/2"]
[WhiteElo "2241"]
[BlackElo "2196"]
[PlyCount "138"]
[EventDate "2024.02.06"]
[EventType "swiss (blitz)"]
[EventRounds "11"]
[EventCountry "USA"]
[SourceTitle "CB07_2024"]
[SourceDate "2024.02.14"]
[SourceVersion "1"]
[SourceVersionDate "2024.02.14"]
[SourceQuality "1"]

1. e4 c6 2. Nc3 d5 3. Nf3 dxe4 4. Nxe4 Nf6 5. Qe2 Nxe4 6. Qxe4 Qd5 7. Qh4 Qe6+ 8. Be2 Qg4 9. Qxg4 Bxg4 10. d4 Nd7 11. Bf4 e6 12. h3 Bh5 13. c3 Nf6 14. 0-0 Rd8 15. Rfe1 Bd6 16. Bg5 Be7 17. g4 Bg6 18. Ne5 Nd7 19. Bf4 Nxe5 20. Bxe5 0-0 21. Rad1 Bd6 22. Bf3 h6 23. h4 Bxe5 24. Rxe5 Rd7 25. h5 Bh7 26. Kf1 Rfd8 27. Ke2 Kf8 28. Ke3 f6 29. Rc5 e5 30. d5 cxd5 31. Rcxd5 Rxd5 32. Rxd5 Rxd5 33. Bxd5 b6 34. b4 Ke7 35. c4 Kd6 36. a3 f5 37. gxf5 Bxf5 38. f4 g6 39. Bf7 gxh5 40. Bxh5 exf4+ 41. Kxf4 Be6 42. Be2 Bf7 43. Ke3 Ke5 44. a4 a5 45. c5 bxc5 46. bxa5 Kd6 47. Bf3 Bc4 48. Kd2 Ba6 49. Kc3 Ke5 50. Bh5 Kf4 51. Kd2 Kg5 52. Be8 h5 53. Bc6 h4 54. Bb5 Bb7 55. a6 Ba8 56. Bf1 Kf4 57. Kc3 Kg3 58. Kc4 Bc6 59. a5 Bf3 60. Kxc5 h3 61. Bxh3 Kxh3 62. Kb6 Kg4 63. Kc7 Kf5 64. Kb8 Ke6 65. a7 Kd6 66. a8Q Bxa8 67. a6 Bc6 68. a7 Bd5 69. a8Q Bxa8 1/2-1/2

[Event "Titled Tuesday intern op 06th Feb Early"]
[Site "Chess.com INT"]
[Date "2024.02.06"]
[Round "4"]
[White "Acikel, Mert"]
[Black "Vafin, Ayrat"]
[Result "0-1"]
[WhiteElo "2241"]
[BlackElo "2302"]
[PlyCount "80"]
[EventDate "2024.02.06"]
[EventType "swiss (blitz)"]
[EventRounds "11"]
[EventCountry "USA"]
[SourceTitle "CB07_2024"]
[SourceDate "2024.02.14"]
[SourceVersion "1"]
[SourceVersionDate "2024.02.14"]
[SourceQuality "1"]

1. e4 c5 2. Nf3 Nc6 3. Bb5 g6 4. 0-0 Bg7 5. Nc3 a6 6. Bxc6 dxc6 7. e5 Bg4 8. Re1 Qc7 9. d3 Bxf3 10. Qxf3 Bxe5 11. Be3 Bxh2+ 12. Kh1 Bd6 13. Ne4 Be5 14. Nxc5 Nf6 15. d4 Bd6 16. Bg5 0-0 17. Bxf6 exf6 18. Ne4 f5 19. Nxd6 Qxd6 20. c3 Rfe8 21. g3 Qd5 22. Qxd5 cxd5 23. Kg2 f6 24. Rac1 Kf7 25. Rxe8 Rxe8 26. Kf3 g5 27. Rc2 h5 28. c4 Rc8 29. c5 Re8 30. Rc3 Kg6 31. Rb3 g4+ 32. Kg2 Re7 33. Rb6 Rd7 34. b4 f4 35. gxf4 h4 36. a4 Kf5 37. b5 axb5 38. axb5 Rf7 39. Rxb7 Rxb7 40. c6 Rc7 0-1

[Event "Titled Tuesday intern op 06th Feb Early"]
[Site "Chess.com INT"]
[Date "2024.02.06"]
[Round "1"]
[White "Kuzhilniy, Oleksandr"]
[Black "Acikel, Mert"]
[Result "1-0"]
[WhiteElo "2238"]
[BlackElo "2241"]
[PlyCount "57"]
[EventDate "2024.02.06"]
[EventType "swiss (blitz)"]
[EventRounds "11"]
[EventCountry "USA"]
[SourceTitle "CB07_2024"]
[SourceDate "2024.02.14"]
[SourceVersion "1"]
[SourceVersionDate "2024.02.14"]
[SourceQuality "1"]

1. b3 d5 2. Bb2 Bf5 3. d3 Nf6 4. Nd2 e6 5. g3 h6 6. Bg2 Be7 7. e4 dxe4 8. dxe4 Bg6 9. Nh3 0-0 10. Nf4 Bh7 11. 0-0 c6 12. Qe2 Nbd7 13. Rad1 e5 14. Nd3 Qc7 15. Nc4 Rfe8 16. Ndxe5 Nxe5 17. Bxe5 Qc8 18. Bxf6 Bxf6 19. Nd6 Qe6 20. Nxe8 Rxe8 21. Rd3 Be5 22. Rfd1 Bc7 23. Rd7 Bb6 24. Rxb7 Bg6 25. Rbd7 Qf6 26. R7d2 Qb2 27. a4 Ba5 28. Rd6 c5 29. Qb5 1-0

[Event "Titled Tuesday intern op 16th Jan Early"]
[Site "Chess.com INT"]
[Date "2024.01.16"]
[Round "8"]
[White "Acikel, Mert"]
[Black "Lohani, Sujana"]
[Result "1-0"]
[WhiteElo "2237"]
[BlackElo "1756"]
[PlyCount "121"]
[EventDate "2024.01.16"]
[EventType "swiss (blitz)"]
[EventRounds "11"]
[EventCountry "USA"]
[SourceTitle "CB04_2024"]
[SourceDate "2023.10.16"]
[SourceVersion "1"]
[SourceVersionDate "2023.10.16"]
[SourceQuality "1"]

1. e4 c5 2. Nf3 Nc6 3. Bb5 Nd4 4. Nxd4 cxd4 5. 0-0 g6 6. d3 Bg7 7. f4 e6 8. Nd2 Ne7 9. Nf3 0-0 10. Ba4 d5 11. e5 Nf5 12. Qe2 Qb6 13. Qf2 Ne3 14. Re1 Rd8 15. Rb1 Bd7 16. Bxd7 Rxd7 17. Bxe3 dxe3 18. Qxe3 d4 19. Qe2 Rc8 20. Rec1 Bh6 21. g3 Bf8 22. Nd2 Rd5 23. Ne4 Qa5 24. Nf6+ Kg7 25. Nxd5 Qxd5 26. a3 Bc5 27. Re1 Bb6 28. b4 Rc3 29. Ra1 Qc6 30. Rec1 Qa4 31. Ra2 Rxa3 32. Rb2 Ra1 33. Qe1 Ra3 34. Rcb1 Rc3 35. Qe2 a6 36. Rc1 Ba7 37. Qe4 Qb5 38. Rcb1 Bb6 39. Kg2 Bc7 40. h4 Qb6 41. Qe2 Qb5 42. Rh1 h5 43. Rhb1 Bb6 44. Qe4 Ba7 45. Kh3 Bb8 46. Qg2 Qa4 47. Rb3 Qb5 48. Rxc3 dxc3 49. Qe4 Ba7 50. Re1 Qb6 51. Re2 Qg1 52. Qg2 Qd1 53. Kh2 Qc1 54. Kh3 Qb2 55. Qxb7 Bd4 56. Qe4 Qxb4 57. Re1 a5 58. Qe2 a4 59. Ra1 a3 60. Qd1 Qb2 61. Qb1 1-0

[Event "Titled Tuesday intern op 16th Jan Early"]
[Site "Chess.com INT"]
[Date "2024.01.16"]
[Round "11"]
[White "Eilers, Stefan"]
[Black "Acikel, Mert"]
[Result "1-0"]
[WhiteElo "2275"]
[BlackElo "2237"]
[PlyCount "61"]
[EventDate "2024.01.16"]
[EventType "swiss (blitz)"]
[EventRounds "11"]
[EventCountry "USA"]
[SourceTitle "CB04_2024"]
[SourceDate "2023.10.16"]
[SourceVersion "1"]
[SourceVersionDate "2023.10.16"]
[SourceQuality "1"]

1. Nf3 d5 2. g3 Nf6 3. Bg2 e6 4. 0-0 Be7 5. d4 0-0 6. c4 dxc4 7. Ne5 Nd5 8. Nxc4 b5 9. Ne5 Bb7 10. Qb3 a6 11. a4 Nd7 12. axb5 Nxe5 13. dxe5 axb5 14. Rxa8 Qxa8 15. e4 Nb6 16. Re1 Qa4 17. Nd2 Rd8 18. Qf3 Qd4 19. Nb3 Qxe5 20. Bf4 Qxb2 21. Bxc7 Nc4 22. Bxd8 Bxd8 23. Nc5 Bc6 24. Qf4 e5 25. Rd1 Be7 26. Qf5 Nb6 27. Nd3 Qd4 28. Qf3 h6 29. Qe3 Qxe3 30. fxe3 b4 31. Rb1 1-0

[Event "Titled Tuesday intern op 16th Jan Early"]
[Site "Chess.com INT"]
[Date "2024.01.16"]
[Round "4"]
[White "Perossa, Nicolas"]
[Black "Acikel, Mert"]
[Result "1-0"]
[WhiteElo "2277"]
[BlackElo "2237"]
[PlyCount "103"]
[EventDate "2024.01.16"]
[EventType "swiss (blitz)"]
[EventRounds "11"]
[EventCountry "USA"]
[SourceTitle "CB04_2024"]
[SourceDate "2023.10.16"]
[SourceVersion "1"]
[SourceVersionDate "2023.10.16"]
[SourceQuality "1"]

1. a3 d5 2. Nf3 Nf6 3. e3 e6 4. b4 Be7 5. Bb2 0-0 6. c4 b6 7. Nc3 Bb7 8. Qc2 Nbd7 9. g4 Ne4 10. Bd3 Bf6 11. g5 Bxc3 12. Bxc3 Qe7 13. h4 e5 14. cxd5 Nxc3 15. Bxh7+ Kh8 16. dxc3 Bxd5 17. Be4 Bxe4 18. Qxe4 c5 19. h5 cxb4 20. axb4 a5 21. bxa5 Nc5 22. Qc2 e4 23. Nd4 Nd3+ 24. Kf1 Qxg5 25. f4 exf3 26. Nxf3 Qxe3 27. Qe2 Rfe8 28. Qxe3 Rxe3 29. Ng5 f6 30. Rh3 Rxh3 31. Nxh3 bxa5 32. Ke2 Ne5 33. Nf4 a4 34. Ke3 Ra5 35. Kd4 Nc6+ 36. Kd3 a3 37. c4 Ra4 38. Kc3 Ne5 39. Ng6+ Kg8 40. Nxe5 fxe5 41. Kb3 Ra8 42. Ka2 Kh7 43. Re1 Re8 44. Kxa3 Kh6 45. Kb4 Kxh5 46. c5 Kg5 47. c6 Kf6 48. Kc5 Ke6 49. Kb6 Kd6 50. Rd1+ Ke6 51. c7 e4 52. Rd8 1-0

[Event "Rilton Cup 51st"]
[Site "Stockholm"]
[Date "2023.12.27"]
[Round "1"]
[White "Rozentalis, Eduardas"]
[Black "Acikel, Mert"]
[Result "1/2-1/2"]
[WhiteElo "2454"]
[BlackElo "2253"]
[PlyCount "65"]
[EventDate "2023.12.27"]
[EventType "swiss"]
[EventRounds "9"]
[EventCountry "SWE"]
[SourceTitle "CB02_2024"]
[SourceDate "2024.01.10"]
[SourceVersion "1"]
[SourceVersionDate "2024.01.10"]
[SourceQuality "1"]

1. e4 e5 2. Nf3 Nc6 3. Bb5 a6 4. Bxc6 dxc6 5. d3 Qf6 6. Bg5 Qg6 7. h4 f6 8. h5 Qf7 9. Be3 Bd7 10. a3 0-0-0 11. Nc3 Nh6 12. Bxh6 gxh6 13. Ne2 Bg4 14. Ng3 Rg8 15. Qd2 c5 16. c4 f5 17. Nxe5 Qe6 18. Nxg4 Rxg4 19. 0-0-0 fxe4 20. Rhe1 Bd6 21. Qe2 Bxg3 22. fxg3 Rd4 23. Qf2 b6 24. Re3 Qd7 25. Qe2 Qe6 26. Qf1 Qg8 27. Kb1 Rxd3 28. Rdxd3 exd3 29. Qf3 Qxc4 30. Re7 Qc2+ 31. Ka2 Qc4+ 32. Ka1 Qc1+ 33. Ka2 1/2-1/2

[Event "Berlin Radtke Memorial op"]
[Site "Berlin"]
[Date "2023.10.29"]
[Round "9"]
[White "Acikel, Mert"]
[Black "Berin, Artem"]
[Result "0-1"]
[WhiteElo "2222"]
[BlackElo "2303"]
[PlyCount "58"]
[EventDate "2023.10.23"]
[EventType "swiss"]
[EventRounds "9"]
[EventCountry "GER"]
[SourceTitle "Mega2024 Update 01"]
[Source "Chessbase"]
[SourceDate "2023.11.12"]
[SourceVersion "1"]
[SourceVersionDate "2023.11.12"]
[SourceQuality "1"]

1. e4 d5 2. exd5 Qxd5 3. Nc3 Qa5 4. d4 Nf6 5. Nf3 Bf5 6. Bc4 e6 7. Bd2 Bb4 8. Qe2 0-0 9. 0-0-0 c6 10. Ne5 Nd5 11. Bxd5 exd5 12. Kb1 Nd7 13. Nd3 Rfe8 14. Qf3 Bxd3 15. Qxd3 Bxc3 16. Bxc3 Qc7 17. g3 Nf6 18. f3 Qd7 19. g4 Re6 20. h4 Rae8 21. Bd2 h5 22. gxh5 Nxh5 23. Qf5 Ng3 24. Qg4 Nxh1 25. Rxh1 Qe7 26. a3 Re2 27. Rg1 Qf6 28. Bg5 Qg6 29. Ka2 f6 0-1

[Event "Titled Tuesday intern op 22nd Aug Late"]
[Site "Chess.com INT"]
[Date "2023.08.22"]
[Round "7"]
[White "Acikel, Mert"]
[Black "Avila Rodriguez, Joshua Ad"]
[Result "0-1"]
[WhiteElo "2222"]
[BlackElo "2239"]
[PlyCount "140"]
[EventDate "2023.08.22"]
[EventType "swiss (blitz)"]
[EventRounds "11"]
[EventCountry "USA"]
[SourceTitle "EXT 2024"]
[Source "ChessBase"]
[SourceDate "2023.10.10"]
[SourceVersion "1"]
[SourceVersionDate "2023.10.10"]
[SourceQuality "1"]

1. e4 c5 2. c3 Nf6 3. e5 Nd5 4. d4 cxd4 5. Nf3 d6 6. Qxd4 e6 7. Nbd2 Nc6 8. Bb5 Bd7 9. Bxc6 Bxc6 10. Nc4 dxe5 11. Ncxe5 Qb6 12. Qxb6 axb6 13. 0-0 b5 14. Bg5 f6 15. Nxc6 bxc6 16. Bh4 e5 17. Rfe1 Kf7 18. Nd2 Be7 19. Bg3 Ra4 20. Kf1 Rha8 21. a3 c5 22. Rac1 b4 23. axb4 cxb4 24. c4 Nb6 25. b3 Ra2 26. Red1 Rb2 27. Rb1 Raa2 28. Rxb2 Rxb2 29. Ke1 Ke6 30. f3 Nd7 31. Rb1 Ra2 32. Bf2 Bc5 33. Bxc5 Nxc5 34. h4 h5 35. Ke2 f5 36. Ke3 Rc2 37. Ra1 Rc3+ 38. Ke2 Nxb3 39. Nxb3 Rxb3 40. Ra6+ Ke7 41. Ra7+ Kd6 42. Rxg7 Kc5 43. Rc7+ Kd4 44. c5 Rb2+ 45. Kf1 b3 46. c6 Ke3 47. Kg1 Rb1+ 48. Kh2 b2 49. Rb7 Rc1 50. Rxb2 Rxc6 51. Rb5 Kf4 52. Rb7 e4 53. fxe4 fxe4 54. Kg1 Rc1+ 55. Kf2 e3+ 56. Ke2 Rc2+ 57. Kf1 Rf2+ 58. Ke1 Rxg2 59. Rh7 Kf3 60. Rf7+ Ke4 61. Re7+ Kf3 62. Rf7+ Kg3 63. Rg7+ Kh3 64. Re7 Rg3 65. Ke2 Kxh4 66. Rxe3 Rxe3+ 67. Kxe3 Kg3 68. Ke2 Kg2 69. Ke1 h4 70. Ke2 h3 0-1

[Event "Titled Tuesday intern op 22nd Aug Late"]
[Site "Chess.com INT"]
[Date "2023.08.22"]
[Round "10"]
[White "Acikel, Mert"]
[Black "Montano, Vicente Guadalupe"]
[Result "1-0"]
[WhiteElo "2222"]
[BlackElo "1734"]
[PlyCount "37"]
[EventDate "2023.08.22"]
[EventType "swiss (blitz)"]
[EventRounds "11"]
[EventCountry "USA"]
[SourceTitle "EXT 2024"]
[Source "ChessBase"]
[SourceDate "2023.10.10"]
[SourceVersion "1"]
[SourceVersionDate "2023.10.10"]
[SourceQuality "1"]

1. e4 c5 2. c3 Nf6 3. e5 Nd5 4. d4 cxd4 5. Nf3 Nc6 6. Bc4 Nb6 7. Bb3 dxc3 8. Nxc3 e6 9. 0-0 d5 10. exd6 Qxd6 11. Nb5 Qb8 12. g3 a6 13. Bf4 e5 14. Re1 axb5 15. Nxe5 Nxe5 16. Bxe5 Qxe5 17. Rxe5+ Be6 18. Bxe6 fxe6 19. Rxe6+ 1-0

[Event "Titled Tuesday intern op 22nd Aug Late"]
[Site "Chess.com INT"]
[Date "2023.08.22"]
[Round "4"]
[White "Bettalli, Francesco"]
[Black "Acikel, Mert"]
[Result "1-0"]
[WhiteElo "2274"]
[BlackElo "2222"]
[PlyCount "95"]
[EventDate "2023.08.22"]
[EventType "swiss (blitz)"]
[EventRounds "11"]
[EventCountry "USA"]
[SourceTitle "EXT 2024"]
[Source "ChessBase"]
[SourceDate "2023.10.10"]
[SourceVersion "1"]
[SourceVersionDate "2023.10.10"]
[SourceQuality "1"]

1. d4 d5 2. Nc3 c6 3. e4 dxe4 4. Nxe4 Bf5 5. Ng3 Bg6 6. h4 h6 7. Nh3 Nf6 8. Nf4 Bh7 9. Bc4 e5 10. dxe5 Qa5+ 11. Bd2 Qxe5+ 12. Be3 Nbd7 13. 0-0 0-0-0 14. Qf3 Bc5 15. Nd3 Bxd3 16. Bf4 Qd4 17. cxd3 Ne5 18. Bxe5 Qxe5 19. Rfe1 Qc7 20. Nf5 Kb8 21. Nxg7 Rhg8 22. Qxf6 Qg3 23. Qe5+ Qxe5 24. Rxe5 Bd4 25. Re7 Rxg7 26. Kf1 Bxb2 27. Rb1 Bd4 28. Rbxb7+ Ka8 29. Rbc7 Rb8 30. Ba6 Rb1+ 31. Ke2 Rb2+ 32. Kd1 Rb1+ 33. Kc2 Rb2+ 34. Kc1 Rg8 35. Rxa7+ Bxa7 36. Kxb2 Rb8+ 37. Kc3 f6 38. f3 Bc5 39. Rc7 Bb4+ 40. Kc4 c5 41. Bb5 Rb6 42. Rh7 Rd6 43. Rxh6 Rd4+ 44. Kb3 Rd6 45. g4 Ka7 46. g5 Kb6 47. a4 c4+ 48. Bxc4 1-0

[Event "Titled Tuesday intern op 22nd Aug Early"]
[Site "Chess.com INT"]
[Date "2023.08.22"]
[Round "4"]
[White "Ghevondyan, Arman"]
[Black "Acikel, Mert"]
[Result "1-0"]
[WhiteElo "2216"]
[BlackElo "2222"]
[PlyCount "53"]
[EventDate "2023.08.22"]
[EventType "swiss (blitz)"]
[EventRounds "11"]
[EventCountry "USA"]
[SourceTitle "EXT 2024"]
[Source "ChessBase"]
[SourceDate "2023.10.10"]
[SourceVersion "1"]
[SourceVersionDate "2023.10.10"]
[SourceQuality "1"]

1. Nf3 Nf6 2. d4 d5 3. Nc3 e6 4. Bf4 a6 5. a4 Bd6 6. Bg3 0-0 7. e3 Bxg3 8. hxg3 Nbd7 9. Bd3 h6 10. Ng5 hxg5 11. Bh7+ Nxh7 12. Qh5 Ndf6 13. Qh2 Re8 14. f4 gxf4 15. gxf4 g6 16. g4 Qd6 17. g5 Nh5 18. 0-0-0 b5 19. Ne2 e5 20. dxe5 Qc5 21. Rd4 bxa4 22. Ng3 Bg4 23. f5 Rxe5 24. Nxh5 Bxh5 25. Qxe5 Nxg5 26. fxg6 fxg6 27. Rxh5 1-0

[Event "Titled Tuesday intern op 22nd Aug Late"]
[Site "Chess.com INT"]
[Date "2023.08.22"]
[Round "1"]
[White "Hamitevici, Vladimir"]
[Black "Acikel, Mert"]
[Result "1/2-1/2"]
[WhiteElo "2494"]
[BlackElo "2222"]
[PlyCount "73"]
[EventDate "2023.08.22"]
[EventType "swiss (blitz)"]
[EventRounds "11"]
[EventCountry "USA"]
[SourceTitle "EXT 2024"]
[Source "ChessBase"]
[SourceDate "2023.10.10"]
[SourceVersion "1"]
[SourceVersionDate "2023.10.10"]
[SourceQuality "1"]

1. e4 c6 2. d4 d5 3. f3 dxe4 4. fxe4 e5 5. Nf3 Bg4 6. c3 Nd7 7. Bc4 Ngf6 8. 0-0 Bd6 9. Bg5 Qc7 10. h3 Bh5 11. Nbd2 0-0 12. a4 h6 13. Bxf6 Nxf6 14. Qe1 Bg6 15. Nh4 Bh7 16. Nf5 Bxf5 17. Rxf5 Rae8 18. Rxf6 gxf6 19. Qh4 exd4 20. Qxh6 Bh2+ 21. Kh1 Qf4 22. Qg6+ Kh8 23. Qh5+ Kg7 24. Rf1 Qxd2 25. Kxh2 Qg5 26. Qe2 dxc3 27. bxc3 Qe5+ 28. Kh1 Qxe4 29. Qa2 Re5 30. Rf3 Rg5 31. Bf1 Re8 32. Qf2 Re6 33. Qxa7 Rf5 34. Rg3+ Rg5 35. Rf3 Rf5 36. Rg3+ Rg5 37. Rf3 1/2-1/2